Nadnárodné spoločnosti a konkurencieschopnosť slovenských producentov v obchodných reťazcoch bakalárska práca

Enregistré dans:
Détails bibliographiques
Auteur principal: Brušková, Sabína
Collectivité auteur: Obchodná fakulta EU. Katedra medzinárodného obchodu
Autres auteurs: Luptáková, Anabela, 1995-
Format: Livre
Langue:slovaque
Publié: Bratislava 2024
Tags: Ajouter un tag
Pas de tags, Soyez le premier à ajouter un tag!

MARC

LEADER 00000nbm a2200000 4500
001 0302452
005 20250110134917.6
041 0 |a slo 
044 |a SK 
245 1 0 |a Nadnárodné spoločnosti a konkurencieschopnosť slovenských producentov v obchodných reťazcoch  |b bakalárska práca  |c Sabína Brušková ; školiteľ: Anabela Luptáková 
264 1 |a Bratislava  |c 2024 
300 |a 56 s. 
100 1 |a Brušková, Sabína 
700 1 |a Luptáková, Anabela, 1995- 
710 2 |a Obchodná fakulta EU. Katedra medzinárodného obchodu